000 00520 a2200181 4500
003 OSt
005 20240119104313.0
008 240119b |||||||| |||| 00| 0 eng d
020 _a9788182710898
040 _coclc
082 _a920
_bHAL/M
100 _aHaley, Alex
_92449
245 _aMalcolm X= The Autobiography of Malcolm X /
_cAlex Haley
250 _a4th ed.
260 _aKozhikode:
_bIslamic Publishing House,
_c2021.
300 _a680p.
942 _2ddc
_cBK
_h920
_iHAL/M
_k920
_mHAL/M
999 _c43260
_d43260